Internal medicine
(Hanley & Belfus) Medical College of Georgia, Savannah. Presents 50 case scenarios to give the reader clear advantage on the vignette-based Step 2 exam. Buzzwords are highlighted, and 'More High-Yield Facts' are included. Softcover.
Gespeichert in:
| 1. Verfasser: | |
|---|---|
| Format: | Buch |
| Sprache: | Undetermined |
| Veröffentlicht: |
Philadelphia, PA
Hanley & Belfus
2002
|
| Schlagworte: | |
| Tags: |
Tag hinzufügen
Keine Tags, Fügen Sie den ersten Tag hinzu!
|
| Thư viện lưu trữ: | Trung tâm Học liệu Trường Đại học Cần Thơ |
|---|
| LEADER | 00755nam a2200205Ia 4500 | ||
|---|---|---|---|
| 001 | CTU_158664 | ||
| 008 | 210402s9999 xx 000 0 und d | ||
| 020 | |c 27.85 | ||
| 082 | |a 616 | ||
| 082 | |b B864 | ||
| 100 | |a Brochert, Adam | ||
| 245 | 0 | |a Internal medicine | |
| 245 | 0 | |c Adam Brochert | |
| 260 | |a Philadelphia, PA | ||
| 260 | |b Hanley & Belfus | ||
| 260 | |c 2002 | ||
| 520 | |a (Hanley & Belfus) Medical College of Georgia, Savannah. Presents 50 case scenarios to give the reader clear advantage on the vignette-based Step 2 exam. Buzzwords are highlighted, and 'More High-Yield Facts' are included. Softcover. | ||
| 650 | |a Internal medicine | ||
| 650 | |x Computer network resources | ||
| 980 | |a Trung tâm Học liệu Trường Đại học Cần Thơ | ||